Անցեք բովանդակությանը

Психические расстройства в период кризиса личности: техники психотерапии учебно-методическое пособие

Учебно-методическое пособие по направлению подготовки 37.05.01 Клиническая психология, 37.04.01 Психология включает в себя теоретические и практико-ориентированные аспекты в работе клинических и практических психологов с пациентами (клиентами), имеющими психические расстройства разной этиологии, воз...

Ամբողջական նկարագրություն

Պահպանված է:
Մատենագիտական մանրամասներ
Ձևաչափ: Книга
Լեզու:Russian
Հրապարակվել է: Сургут СурГУ 2025
Առցանց հասանելիություն:https://e.lanbook.com/book/494792
https://e.lanbook.com/img/cover/book/494792.jpg
Ցուցիչներ: Ավելացրեք ցուցիչ
Չկան պիտակներ, Եղեք առաջինը, ով նշում է այս գրառումը!
LEADER 01825nam0a2200253 i 4500
001 494792
003 RuSpLAN
005 20250630121220.0
008 250630s2025 ru gs 000 0 rus
040 |a RuSpLAN 
041 0 |a rus 
044 |a ru 
080 |a 159.962(072) 
084 |a 53.57я73  |2 rubbk 
245 0 0 |a Психические расстройства в период кризиса личности: техники психотерапии  |b учебно-методическое пособие 
260 |a Сургут  |b СурГУ  |c 2025 
300 |a 37 с. 
504 |a Библиогр.: доступна в карточке книги, на сайте ЭБС Лань 
520 8 |a Учебно-методическое пособие по направлению подготовки 37.05.01 Клиническая психология, 37.04.01 Психология включает в себя теоретические и практико-ориентированные аспекты в работе клинических и практических психологов с пациентами (клиентами), имеющими психические расстройства разной этиологии, возникающие в период кризиса – техники работы, психологические и психотерапевтические мультимодальные подходы, направленные на восстановление личного статуса. 
521 8 |a Книга из коллекции СурГУ - Психология. Педагогика 
521 8 |a СЭБ 
856 4 |u https://e.lanbook.com/book/494792 
856 4 8 |u https://e.lanbook.com/img/cover/book/494792.jpg 
953 |a https://e.lanbook.com/img/cover/book/494792.jpg